| 000 | 00754nam a2200205 a 4500 | ||
|---|---|---|---|
| 008 | 101115s2002 ||||||||||||||||| || u | ||
| 020 | _a0419235302 | ||
| 050 | _aNA 2542.36 Haw | ||
| 100 | _aHawkes, Dean | ||
| 245 | 1 | 4 |
_aThe selective environment _cDean Hawkes, Jane McDonald and Koen Steemers |
| 260 |
_aLondon _bSpon _c2002 |
||
| 300 | _aviii, 164p.: ill. | ||
| 350 | _a0.00 | ||
| 650 | _aSUSTAINABLE ARCHITECTURE | ||
| 650 | _aARCHITECTURAL DESIGN--EVALUATION | ||
| 650 | _aARCHITECTURE, MODERN--20TH CENTURY | ||
| 700 | _aSteemers, Koen | ||
| 700 | _aMcDonald, Jane | ||
| 995 |
_D0.00 _FCBU-MAIN LIBRARY (Kitwe) _H1 _I0.00 _M1 _UAVAILABLE _WDec 2, 2010 _ZMain Library Open Access Collection |
||
| 999 |
_c57270 _d57270 |
||